Finances and enterprise financing in EU

Gespeichert in:
Bibliographische Detailangaben
1. Verfasser: Repčák, Vladimír
Format: Buchkapitel
Sprache:Englisch
Schlagworte:
Tags: Tag hinzufügen
Keine Tags, Fügen Sie das erste Tag hinzu!

MARC

LEADER 00000naa$a2200000$$$4500
001 0023240
005 20221207104925.9
041 0 |a eng 
044 |a SK 
245 1 0 |a Finances and enterprise financing in EU  |c Vladimír Repčák 
610 2 0 |a financie 
610 2 0 |a financovanie podnikov 
610 2 0 |a investície 
610 2 0 |a kapitál vlastný 
610 2 0 |a banky 
610 2 0 |a podnik spoločný 
610 2 0 |a Európska únia 
100 1 |a Repčák, Vladimír